| 000 | 00491nam a22001817a 4500 | ||
|---|---|---|---|
| 003 | koha_MIRAKIL | ||
| 005 | 20231213095927.0 | ||
| 008 | 231213b |||||||| |||| 00| 0 ||| d | ||
| 040 |
_aTR-IsEVY _btur _cTR-IsEVY |
||
| 082 | _a915.61 TÜR | ||
| 100 | _aAtlas. | ||
| 245 | 0 | _aTürkiye' de yaşanması gereken 50 macera | |
| 260 |
_bDoğan Burda Yayıncılık, _c2010 |
||
| 300 | _a96 s. | ||
| 650 | _aAdventure and adventurers. | ||
| 650 | _aMacera ve maceracılar. | ||
| 942 |
_2ddc _cBK |
||
| 999 |
_c11697 _d11697 |
||